El Polilla
Sparad:
| Huvudupphovsman: | |
|---|---|
| Materialtyp: | Bok |
| Språk: | spanska |
| Publicerad: |
Santiago
Zig-Zag
1980
|
| Upplaga: | 1a. ed |
| Ämnen: | |
| Taggar: |
Lägg till en tagg
Inga taggar, Lägg till första taggen!
|
MARC
| LEADER | 00000nam a2200000 a 4500 | ||
|---|---|---|---|
| 001 | UCH5533 | ||
| 003 | CL-VaPUC | ||
| 008 | 091014e19800000CL |||||||||||||||||spa|d | ||
| 082 | 0 | 4 | |a 869 |b ZIR |2 21 |
| 100 | 0 | |a Ziraldo |e author |9 541832 | |
| 245 | 1 | 3 | |a El Polilla |
| 250 | |a 1a. ed | ||
| 300 | |a 106 p | ||
| 942 | |c BK | ||
| 945 | |d 20091014 00:00:00 |a ccalabra | ||
| 260 | |a Santiago |b Zig-Zag |c 1980 | ||
| 650 | 0 | |a Literatura |9 259151 | |
| 650 | 0 | |a Literatura brasileña |9 269433 | |
| 650 | 0 | |a Cuentos |9 308079 | |
| 650 | 0 | |a Cuentos infantiles |9 308044 | |
| 650 | 0 | |a Cuentos brasileños |9 268434 | |
| 650 | 0 | |a Escritores |9 313723 | |
| 650 | 0 | |a Lectura |9 307634 | |
| 650 | 0 | |a Ficción |9 376687 | |
| 650 | 0 | |a Educación |9 258661 | |
| 651 | 0 | |a Brasil |9 267393 | |
| 583 | |a last modification |c 20091014 00:00:00 |k Rodrigo Vera | ||
| 999 | |c 336660 |d 336658 | ||